Rusland Trivia Quiz - Statistieken

Algemene statistieken
  • Deze quiz is 1.780 keer genomen
  • De gemiddelde score is 13 van 28
Antwoordstatistieken
Hint Antwoord % Correct
Hoofdstad Moskou
100%
Huidige president Vladimir Poetin
96%
Hoofdstad voor 1918 Sint-Petersburg
84%
Dingen op de vlag van de Sovjet-Unie Hamer
67%
Dingen op de vlag van de Sovjet-Unie Sikkel
65%
Communistische naam van die stad Leningrad
61%
Veroveraar die Rusland in 1812 niet veroverde Napoleon
58%
Dingen op de vlag van de Sovjet-Unie Ster
58%
Bergketens die Azië en Europa verdelen Oeral
57%
Uitgestrekte oostelijke regio van Rusland Siberië
57%
Veldslag die een keerpunt markeerde in de Tweede Wereldoorlog Slag om {Stalingrad}
53%
Sovjet-equivalent van de CIA KGB
51%
Zee grenzend aan Sotsji Zwarte zee
51%
Langste rivier van Europees Rusland Wolga
47%
Bergketens die Azië en Europa verdelen Kaukasus
43%
Naam voor een Sovjet gevangenis kamp Goelag
42%
Officiële residentie van de president Kremlin van Moskou
40%
Bekendste Russische wapen AK-47
39%
Grootste Russische stad aan de Stille Oceaan Vladivostok
37%
Eerste mens die om de aarde draaide Joeri Gagarin
36%
Eerste satelliet die om de aarde draaide Spoetnik
36%
"Verschrikkelijke" tsaar Ivan IV
35%
"Grote" tsaren Peter
35%
Kerstballet van Tsjaikovski De Notenkraker
26%
Auteur van Oorlog en Vrede Leo Tolstoi
25%
"Grote" tsaren Catharina II
20%
Hoogste berg Elbroes
16%
Meest bekende ballettheater {Bolsjoj}theater
15%
Geen overeenkomende quizzen gevonden
Scoreverdeling
Procent van Mensen met Elke Score
Percentiel versus Aantal Correcte Antwoorden
Uw Scoregeschiedenis
U heeft deze quiz nog niet genomen